|
|
|
|
| LEADER |
00834pam a22002298a 4500 |
| 001 |
00038156 |
| 005 |
20171110091103.0 |
| 008 |
170515s2006 ||||||Viesd |
| 041 |
0 |
# |
|a Vie
|
| 082 |
1 |
4 |
|a 515
|b C101CH
|
| 100 |
1 |
# |
|a Huỳnh, Công Thái
|e Biên soạn
|
| 245 |
1 |
0 |
|a Các Chuyên đề giải tích tổ hợp ôn thi tốt nghiệp THPT, Cao đẳng và Đại học
|c Huỳnh Công Thái
|
| 260 |
# |
# |
|a Tp. Hồ Chí Minh
|b Tổng hợp
|c 2006
|
| 300 |
# |
# |
|a 335tr.
|c 24cm
|
| 653 |
# |
# |
|a Cao đẳng
|
| 653 |
# |
# |
|a Đại học
|
| 653 |
# |
# |
|a tốt nghiệp THPT
|
| 653 |
# |
# |
|a Chuyên đề giải tích
|
| 852 |
# |
# |
|b Kho đọc
|j KD.1001120
|
| 852 |
# |
# |
|j KM.0022301
|j KD.0021194
|
| 910 |
|
|
|d 15/05/2017
|
| 980 |
# |
# |
|a Trung tâm Học liệu Lê Vũ Hùng, Trường Đại học Đồng Tháp
|